000 00484nam a2200169 i 4500
001 40762
003 ES-MaACL
005 20230906160314.0
007 t|
008 030307m19711973sp ||||1| spa d
100 1 _aCardús Llanas, José.
_935218
245 1 0 _aTurismo Altoaragonés /
_cJosé Cardús Llanas.
260 _aZaragoza :
_b[Heraldo de Aragón],
_c1971-73.
300 _a3 v. :
_bil. ;
_c24 cm.
500 _aTomos 3º, 4º y 5º.
852 _aES-MaACL
_jP-1549
_bR.79834
999 _c40762
_d40762